|
|
|
|
| LEADER |
01190nam a2200277 a 4500 |
| 001 |
GR-MES13288 |
| 008 |
071002s gr b 001 0 gre d |
| 020 |
|
|
|a 140204903X
|q (HB)
|
| 020 |
|
|
|a 1402049048
|q (e-book)
|
| 040 |
|
|
|a GrPaTEI
|b gre
|c GR-PaULI
|
| 040 |
|
|
|a GrPaTEI
|b gre
|c GR-PaULI
|
| 082 |
|
0 |
|a 576.880 94
|2 21
|
| 245 |
0 |
0 |
|a Phylogeography of southern European refugia :
|b evolutionary perspectives on the origins and conservation of European biodiversity: edited by: Steven Weiss and Nuno Ferrand.
|
| 260 |
|
|
|a Dordrecht :
|b Springer,
|c c2007
|
| 300 |
|
|
|a ix, 377σ.
|a εικ. ;
|c 25εκ.
|
| 504 |
|
|
|a Περιλαμβάνει βιβλιογραφίες και ευρετήριο.
|
| 650 |
|
0 |
|a Evolution (Biology)
|
| 650 |
|
0 |
|a Phylogeography
|z Europe, Southern
|
| 650 |
|
4 |
|a Βιολογία
|
| 650 |
|
4 |
|a ΕΞΕΛΙΞΗ
|
| 700 |
1 |
|
|a Ferrand, Nuno
|
| 700 |
1 |
|
|a Weiss, Steven
|
| 942 |
|
|
|2 ddc
|
| 952 |
|
|
|0 0
|1 0
|2 ddc
|4 0
|6 576_880000000000000_94_PHY
|7 0
|9 271798
|a MSLG
|b MSLG
|c BSC
|d 2021-01-17
|e 24
|f 0
|g 0.00
|l 0
|o 576.880 94 PHY
|p 2420000022620
|r 2021-01-17 00:00:00
|t 1
|w 2021-01-17
|y BK15
|x 20071002 0 ΓΑΒΡΙΝΑ 1
|x GrPaTEI
|
| 971 |
|
|
|a .b25793366
|b 15-04-20
|c 13-09-16
|
| 999 |
|
|
|c 157068
|d 157068
|